[Event "Harburg_ch Gruppe F"]
[Site "Hamburg"]
[Date "2011.08.20"]
[Round "3"]
[White "Olschok, Juergen"]
[Black "Malchau, Jochen"]
[Result "1-0"]
[WhiteElo "1794"]
[BlackElo "1660"]
[PlyCount "65"]
[EventDate "2011.08.19"]
[EventType "tourn"]
[EventRounds "1"]
[EventCountry "GER"]
[SourceDate "2011.08.19"]

1. e4 e5 2. Nf3 Nf6 3. d4 Nxe4 4. Bd3 d5 5. Nxe5 Nd7 6. Bxe4 dxe4 7. O-O Nxe5
8. dxe5 Qxd1 9. Rxd1 Be7 10. Nc3 O-O 11. Bf4 c6 12. Nxe4 Bf5 13. Ng3 Be6 14.
Be3 c5 15. f4 g6 16. c3 Rad8 17. b3 b6 18. c4 Bg4 19. Rxd8 Rxd8 20. Nf1 Rd3 21.
h3 Be6 22. Rc1 h5 23. Rc2 Bf5 24. Rd2 Rxd2 25. Nxd2 Kf8 26. Kf2 Ke8 27. Kf3 Kd7
28. g4 hxg4+ 29. hxg4 Bc2 30. Ne4 Bb1 31. Nc3 Bc2 32. Ke2 g5 33. f5 1-0

[Event "Harburg_ch Gruppe F"]
[Site "Hamburg"]
[Date "2011.08.20"]
[Round "3"]
[White "Raedisch, Peter"]
[Black "Klemt, Gerhard"]
[Result "1-0"]
[WhiteElo "1757"]
[BlackElo "1590"]
[PlyCount "81"]
[EventDate "2011.08.19"]
[EventType "tourn"]
[EventRounds "1"]
[EventCountry "GER"]
[SourceDate "2011.08.19"]

1. e4 c5 2. Bc4 e6 3. c3 d5 4. exd5 exd5 5. Bb5+ Bd7 6. Bxd7+ Qxd7 7. d4 Nc6 8.
Be3 cxd4 9. cxd4 Bb4+ 10. Nd2 Nf6 11. Ngf3 O-O 12. O-O Bd6 13. h3 Rac8 14. a3
Na5 15. Ne5 Qb5 16. Rb1 Ne4 17. Nxe4 dxe4 18. Qh5 Bxe5 19. dxe5 Nc4 20. Bxa7
Nd2 21. Bd4 Qd5 22. Rbc1 Rc6 23. Rxc6 bxc6 24. Bc3 Nxf1 25. Kxf1 Rd8 26. g3
Qd1+ 27. Qxd1 Rxd1+ 28. Ke2 Rd3 29. Bd2 Rb3 30. Bc3 Kf8 31. Ke3 Ke7 32. Kxe4
Ke6 33. g4 g6 34. f4 Rb7 35. f5+ gxf5+ 36. gxf5+ Ke7 37. Kf4 h6 38. Kg4 Rb8 39.
Kh5 Rh8 40. e6 fxe6 41. Bxh8 1-0

[Event "Harburg_ch Gruppe G"]
[Site "Hamburg"]
[Date "2011.08.19"]
[Round "1"]
[White "Eschweiler, Markus"]
[Black "Frenz Evers, Hartmut"]
[Result "1-0"]
[WhiteElo "1481"]
[BlackElo "1482"]
[PlyCount "116"]
[EventDate "2011.08.19"]
[EventType "tourn"]
[EventRounds "1"]
[EventCountry "GER"]
[SourceDate "2011.08.19"]

1. c4 e5 2. Nc3 Nf6 3. Nf3 d6 4. d4 exd4 5. Nxd4 Be7 6. e4 Bd7 7. Be2 Nc6 8.
Be3 Nxd4 9. Qxd4 O-O 10. h3 Bc6 11. Rd1 Nd7 12. Nd5 Bf6 13. Nxf6+ Qxf6 14. O-O
Qg6 15. f3 a6 16. b4 b5 17. Qc3 Rfc8 18. Kh2 Nf8 19. Bd3 Qe6 20. Bd4 f6 21.
Rde1 Qd7 22. Re2 Ne6 23. Be3 Rd8 24. Qc2 Nf8 25. Rfe1 Kh8 26. f4 Ng6 27. e5
bxc4 28. Bxg6 hxg6 29. exf6 gxf6 30. Qxg6 Qg7 31. Qxg7+ Kxg7 32. Bd4 Rd7 33.
Re7+ Kg6 34. g4 Rxe7 35. Rxe7 Re8 36. Rxc7 Re2+ 37. Kg3 Bd5 38. Kh4 Bf7 39. f5+
Kg7 40. a3 Re4 41. Bb2 Re2 42. Bc1 Ra2 43. g5 fxg5+ 44. Kxg5 Rg2+ 45. Kh4 Rf2
46. Kg4 Rg2+ 47. Kf3 Rc2 48. Bg5 Rc3+ 49. Kg4 Rxa3 50. f6+ Kg6 51. h4 Be6+ 52.
Kf4 Bf7 53. h5+ Kxh5 54. Rxf7 c3 55. Rd7 c2 56. Kf5 Rf3+ 57. Ke6 Rf1 58. f7
c1=Q 1-0

[Event "Harburg_ch Gruppe G"]
[Site "Hamburg"]
[Date "2011.08.19"]
[Round "1"]
[White "Kalauch, Jonathan"]
[Black "Rogozenco, Teodora"]
[Result "0-1"]
[WhiteElo "1536"]
[BlackElo "1520"]
[PlyCount "52"]
[EventDate "2011.08.19"]
[EventType "tourn"]
[EventRounds "1"]
[EventCountry "GER"]
[SourceDate "2011.08.19"]

1. c4 Nf6 2. g3 g6 3. Bg2 Bg7 4. Nc3 d6 5. Nf3 O-O 6. O-O c5 7. Rb1 Nc6 8. a3
Rb8 9. d4 Bf5 10. Ra1 cxd4 11. Nb5 e5 12. a4 a6 13. Na3 d5 14. cxd5 Nxd5 15.
Bg5 Qd7 16. Qb3 Be6 17. Rac1 Ne3 18. Qb6 Nxf1 19. Kxf1 Rfc8 20. Ne1 Bh3 21. Bd2
Bxg2+ 22. Kxg2 Ne7 23. Rxc8+ Rxc8 24. Nd3 Qxa4 25. Qxb7 Qc6+ 26. Qxc6 Nxc6 0-1

[Event "Harburg_ch Gruppe G"]
[Site "Hamburg"]
[Date "2011.08.19"]
[Round "1"]
[White "Stolzenwald, Karl Heinz"]
[Black "Schoknecht, Sabine"]
[Result "1-0"]
[WhiteElo "1792"]
[BlackElo "1717"]
[PlyCount "103"]
[EventDate "2011.08.19"]
[EventType "tourn"]
[EventRounds "1"]
[EventCountry "GER"]
[SourceDate "2011.08.19"]

1. Nf3 d5 2. d4 c6 3. Bf4 Nf6 4. h3 Nbd7 5. Nbd2 h6 6. e3 Ne4 7. c4 Ndf6 8. Bd3
Bf5 9. Qc2 Rc8 10. O-O e6 11. c5 Be7 12. Ne5 Nxd2 13. Qxd2 Bxd3 14. Qxd3 Ne4
15. f3 Ng5 16. Rad1 Nh7 17. b4 Bg5 18. Bh2 O-O 19. f4 Bf6 20. Ng4 Be7 21. Rf3
f5 22. Ne5 Nf6 23. g4 Ne4 24. Kh1 Qe8 25. Bg3 Kh7 26. Kg2 Qd8 27. Qf1 Rc7 28.
Qe1 Bf6 29. Qf1 Rg8 30. Nd3 Rf7 31. Nf2 g6 32. a4 Be7 33. Nxe4 dxe4 34. Rf2 Qd5
35. Rb1 Rgf8 36. b5 g5 37. Qe2 Bd8 38. Rbf1 gxf4 39. Bxf4 Bh4 40. Bg3 Bg5 41.
h4 Bd8 42. g5 Rg8 43. Qh5 Rg6 44. Kh3 Qb3 45. Bf4 Bc7 46. Qd1 Qd5 47. h5 hxg5
48. hxg6+ Kxg6 49. Bxc7 Rxc7 50. Rh1 Qd8 51. Kg3 g4 52. Rfh2 1-0

[Event "Harburg_ch Gruppe G"]
[Site "Hamburg"]
[Date "2011.08.20"]
[Round "2"]
[White "Eschweiler, Markus"]
[Black "Kalauch, Jonathan"]
[Result "1-0"]
[WhiteElo "1481"]
[BlackElo "1536"]
[PlyCount "103"]
[EventDate "2011.08.19"]
[EventType "tourn"]
[EventRounds "1"]
[EventCountry "GER"]
[SourceDate "2011.08.19"]

1. c4 Nf6 2. Nc3 g6 3. e4 d6 4. d4 Bg7 5. Nf3 O-O 6. Be2 Bg4 7. Be3 Nbd7 8. h3
Bxf3 9. Bxf3 c5 10. Qb3 cxd4 11. Bxd4 Rb8 12. Bxa7 Nc5 13. Bxc5 dxc5 14. O-O
Nd7 15. Rad1 Bxc3 16. Qxc3 Qc7 17. Rd2 Rfd8 18. Rfd1 f6 19. Be2 Ne5 20. Qg3
Rxd2 21. Rxd2 Qa5 22. Qe3 Qxa2 23. Qxc5 Qb1+ 24. Bf1 Qxe4 25. Qd5+ Qxd5 26.
Rxd5 Kf8 27. Kh2 e6 28. Rd2 Ke7 29. Kg3 b6 30. Kf4 g5+ 31. Ke4 Nc6 32. Kd3 Rd8+
33. Kc3 Rxd2 34. Kxd2 f5 35. Kc3 e5 36. b4 Kd6 37. Be2 Nd4 38. Bd3 Ke6 39. g4
fxg4 40. hxg4 h6 41. c5 bxc5 42. bxc5 Kd5 {(=)} 43. Kb4 Nc6+ 44. Kb5 Na7+ 45.
Kb6 Nc8+ 46. Kb7 Ne7 47. Kb6 Nc8+ 48. Kc7 Ne7 49. Kd7 Nc6 50. Be4+ Kxc5 51.
Bxc6 Kd4 52. f3 1-0

[Event "Harburg_ch Gruppe G"]
[Site "Hamburg"]
[Date "2011.08.20"]
[Round "2"]
[White "Frenz Evers, Hartmut"]
[Black "Schoknecht, Sabine"]
[Result "0-1"]
[WhiteElo "1482"]
[BlackElo "1717"]
[PlyCount "44"]
[EventDate "2011.08.19"]
[EventType "tourn"]
[EventRounds "1"]
[EventCountry "GER"]
[SourceDate "2011.08.19"]

1. d4 d5 2. Nf3 c6 3. Bf4 Nf6 4. Nbd2 Bf5 5. h3 e6 6. Nh4 Bd6 7. Bxd6 Qxd6 8.
Nxf5 exf5 9. e3 O-O 10. Bd3 f4 11. O-O fxe3 12. fxe3 Nbd7 13. Qf3 Rae8 14. Rae1
Re7 15. e4 dxe4 16. Nxe4 Qxd4+ 17. Kh1 Nxe4 18. c3 Nf2+ 19. Kh2 Qd6+ 20. Kg1
Rxe1 21. Qxf2 Rxf1+ 22. Bxf1 Qc5 0-1

[Event "Harburg_ch Gruppe G"]
[Site "Hamburg"]
[Date "2011.08.20"]
[Round "2"]
[White "Rogozenco, Teodora"]
[Black "Stolzenwald, Karl Heinz"]
[Result "0-1"]
[WhiteElo "1520"]
[BlackElo "1792"]
[PlyCount "78"]
[EventDate "2011.08.19"]
[EventType "tourn"]
[EventRounds "1"]
[EventCountry "GER"]
[SourceDate "2011.08.19"]

1. d4 Nf6 2. Nf3 e6 3. c4 d5 4. Nc3 c6 5. e3 Be7 6. Bd3 O-O 7. O-O Nbd7 8. cxd5
exd5 9. Qc2 Re8 10. Ne5 Nf8 11. f4 g6 12. Rf3 Ng4 13. h3 Nh6 14. Rf2 Bh4 15.
Re2 f5 16. Qb3 Kg7 17. Bd2 Ne6 18. g4 fxg4 19. hxg4 Nf7 20. Nxf7 Kxf7 21. g5
Qd7 22. Rh2 Nxg5 23. fxg5 Qg4+ 24. Rg2 Bg3 25. Rf1+ Kg7 26. Ne2 Rf8 27. Rxf8
Kxf8 28. Rxg3 Qh4 29. Rf3+ Kg7 30. e4 b6 31. exd5 Bg4 32. Rf4 Rf8 33. Rxf8 Kxf8
34. Qb4+ Kf7 35. dxc6 Bf3 36. Kf1 Qh1+ 37. Ng1 Qg2+ 38. Ke1 Qxg1+ 39. Bf1 Qg3#
0-1

[Event "Harburg_ch Gruppe G"]
[Site "Hamburg"]
[Date "2011.08.20"]
[Round "3"]
[White "Kalauch, Jonathan"]
[Black "Frenz Evers, Hartmut"]
[Result "1/2-1/2"]
[WhiteElo "1536"]
[BlackElo "1482"]
[PlyCount "62"]
[EventDate "2011.08.19"]
[EventType "tourn"]
[EventRounds "1"]
[EventCountry "GER"]
[SourceDate "2011.08.19"]

1. c4 e5 2. g3 Bc5 3. Bg2 Nf6 4. Nc3 a6 5. a3 d6 6. b4 Ba7 7. Rb1 O-O 8. e3 Nc6
9. Nge2 Rb8 10. O-O Be6 11. d3 Qc8 12. Re1 Bh3 13. Bd2 Bxg2 14. Kxg2 Ng4 15. b5
axb5 16. cxb5 Ne7 17. a4 Qf5 18. Rf1 Qxd3 19. a5 Bc5 20. Na4 Nf6 21. Nxc5 Qd5+
22. Kg1 Qxc5 23. Bb4 Qd5 24. Qxd5 Nexd5 25. Rfc1 Rfc8 26. Rc2 c5 27. Bd2 Nd7
28. e4 N5f6 29. f3 h6 30. Nc3 Ra8 31. Na4 Kf8 1/2-1/2

[Event "Harburg_ch Gruppe G"]
[Site "Hamburg"]
[Date "2011.08.20"]
[Round "3"]
[White "Schoknecht, Sabine"]
[Black "Rogozenco, Teodora"]
[Result "0-1"]
[WhiteElo "1717"]
[BlackElo "1520"]
[PlyCount "108"]
[EventDate "2011.08.19"]
[EventType "tourn"]
[EventRounds "1"]
[EventCountry "GER"]
[SourceDate "2011.08.19"]

1. d4 Nf6 2. c3 d5 3. Bf4 Bf5 4. e3 Nbd7 5. Nf3 h6 6. Bd3 Bxd3 7. Qxd3 Nh5 8.
O-O Nxf4 9. exf4 e6 10. Re1 Be7 11. Nbd2 O-O 12. Re2 c5 13. Rae1 c4 14. Qc2 Bd6
15. f5 exf5 16. Qxf5 Nf6 17. Nf1 b5 18. Ne3 a5 19. h4 b4 20. Kh1 Bc7 21. g4 g6
22. Qc2 Qd7 23. Rg1 h5 24. Ne5 Bxe5 25. dxe5 Nxg4 26. Nxg4 hxg4 27. e6 Qc6 28.
Kh2 Qd6+ 29. Kh1 f5 30. Qd2 Rfe8 31. Rge1 Kg7 32. Qd4+ Kh7 33. Qf6 Qe7 34. Qg5
Ra6 35. Qxe7+ Rxe7 36. Kg2 Kg7 37. Re3 Rd6 38. Rd1 Rexe6 39. Rxe6 Rxe6 40. Rxd5
Re2 41. cxb4 axb4 42. Rd4 Rxb2 43. Rxc4 Rxa2 44. Rxb4 Ra3 45. Rf4 Kh6 46. Rd4
Rh3 47. Rd6 Rxh4 48. Rd3 Kg5 49. Ra3 Rh7 50. Re3 Ra7 51. Rd3 Ra2 52. Rd5 Kf4
53. Rd4+ Ke5 54. Rd3 f4 0-1

[Event "Harburg_ch Gruppe H"]
[Site "Hamburg"]
[Date "2011.08.19"]
[Round "1"]
[White "Gorbach, Mark"]
[Black "Rulfs, Ernst August"]
[Result "1-0"]
[WhiteElo "1423"]
[BlackElo "1628"]
[PlyCount "91"]
[EventDate "2011.08.19"]
[EventType "tourn"]
[EventRounds "1"]
[EventCountry "GER"]
[SourceDate "2011.08.19"]

1. d4 Nf6 2. c4 c5 3. dxc5 Qa5+ 4. Nc3 Qxc5 5. e4 g6 6. Be3 Qb4 7. Qc2 Bg7 8.
a3 Qa5 9. b4 Qc7 10. Bd3 O-O 11. Rc1 d6 12. Nf3 Nc6 13. O-O Ng4 14. Bf4 Nge5
15. Nxe5 Nxe5 16. Nd5 Qd8 17. Be2 f5 18. Bg5 Rf7 19. Nxe7+ Rxe7 20. Bxe7 Qxe7
21. c5 fxe4 22. cxd6 Qxd6 23. Qxe4 Qb6 24. Bc4+ Nxc4 25. Qxc4+ Be6 26. Qc5 Bb2
27. Qxb6 axb6 28. Rc7 Bd5 29. Rd1 Bc6 30. b5 Bxb5 31. Rxb7 Bxa3 32. Rxb6 Be8
33. Ra1 Rc8 34. Rab1 Rc1+ 35. Rxc1 Bxc1 36. Rb8 Kf7 37. Rb7+ Kg8 38. Rb8 Kf8
39. f3 h6 40. Kf2 Bb2 41. Rxb2 Bf7 42. Ke3 Ke7 43. Kf4 Kf6 44. Rb6+ Kg7 45. Rb7
g5+ 46. Kf5 1-0

[Event "Harburg_ch Gruppe H"]
[Site "Hamburg"]
[Date "2011.08.19"]
[Round "1"]
[White "Malicki, Rudolfo"]
[Black "Fluechter, Markus"]
[Result "1-0"]
[WhiteElo "1412"]
[BlackElo "1357"]
[PlyCount "77"]
[EventDate "2011.08.19"]
[EventType "tourn"]
[EventRounds "1"]
[EventCountry "GER"]
[SourceDate "2011.08.19"]

1. c4 c5 2. g3 e6 3. Bg2 Ne7 4. Nc3 Nbc6 5. e3 g6 6. Nge2 Bg7 7. O-O O-O 8. b3
d6 9. Bb2 d5 10. cxd5 Nxd5 11. Na4 Bxb2 12. Nxb2 Qc7 13. Rc1 b6 14. d4 Ncb4 15.
a3 Na6 16. dxc5 bxc5 17. Bxd5 Rd8 18. Bxa8 Rxd1 19. Rfxd1 Bb7 20. Bxb7 Qxb7 21.
Rc3 Qf3 22. Rd8+ Kg7 23. Nf4 g5 24. Ng2 Nc7 25. Rd2 Qf5 26. Rdc2 Na6 27. Na4
Qe5 28. Ne1 Qd5 29. Rc1 h5 30. Nxc5 Nxc5 31. Rxc5 Qxb3 32. Rxg5+ Kh6 33. Ra5
Qb2 34. Rcc5 f5 35. Kg2 Qb7+ 36. Nf3 Kg6 37. h4 Kf6 38. Rcb5 Qc6 39. Rb4 1-0

[Event "Harburg_ch Gruppe H"]
[Site "Hamburg"]
[Date "2011.08.19"]
[Round "1"]
[White "Stolzenwald, Frank"]
[Black "Schoppe, Gottfried"]
[Result "0-1"]
[WhiteElo "1410"]
[BlackElo "1720"]
[PlyCount "78"]
[EventDate "2011.08.19"]
[EventType "tourn"]
[EventRounds "1"]
[EventCountry "GER"]
[SourceDate "2011.08.19"]

1. e4 c5 2. f4 e6 3. g3 d5 4. e5 f6 5. Nf3 Nd7 6. Bh3 Qe7 7. Qe2 fxe5 8. fxe5
h6 9. Na3 a6 10. c4 d4 11. Qe4 Qf7 12. O-O Ne7 13. Nh4 Qh5 14. Bxe6 Qxe5 15.
Bf7+ Kd8 16. d3 Qxe4 17. dxe4 Ne5 18. Bd5 Nxd5 19. cxd5 b5 20. Bf4 Bd6 21. Bxe5
Bxe5 22. Ng6 Re8 23. Rf7 Bf6 24. Re1 d3 25. Nb1 Bd4+ 26. Kg2 Bg4 27. Nf4 c4 28.
h3 Bd7 29. b3 Ra7 30. bxc4 bxc4 31. Kh2 a5 32. Nd2 c3 33. Nb3 d2 34. Rd1 Rxe4
35. Nxd2 cxd2 36. Rxd2 Ke8 37. Rxd4 Rxd4 38. Rxg7 Rd2+ 39. Kg1 Rc7 0-1

[Event "Harburg_ch Gruppe H"]
[Site "Hamburg"]
[Date "2011.08.20"]
[Round "2"]
[White "Fluechter, Markus"]
[Black "Schoppe, Gottfried"]
[Result "1-0"]
[WhiteElo "1357"]
[BlackElo "1720"]
[PlyCount "69"]
[EventDate "2011.08.19"]
[EventType "tourn"]
[EventRounds "1"]
[EventCountry "GER"]
[SourceDate "2011.08.19"]

1. e4 c5 2. Nf3 Nc6 3. d4 cxd4 4. Nxd4 e5 5. Nxc6 bxc6 6. Nc3 Nf6 7. Bc4 Bc5 8.
Bg5 O-O 9. Qd2 Rb8 10. O-O Be7 11. b3 d6 12. Rad1 Qc7 13. Bxf6 Bxf6 14. Qxd6
Qxd6 15. Rxd6 Bb7 16. Rd7 a6 17. Na4 Bc8 18. Rc7 Bd8 19. Rxc6 Bb7 20. Rd6 Bxe4
21. Nc5 Bxc2 22. Nd7 Bc7 23. Rc6 Ba5 24. Nxb8 Rxb8 25. Rxa6 Bd8 26. Ra7 Bg6 27.
Rd1 Bb6 28. Re7 h6 29. Rxe5 Kh7 30. Rb5 Rd8 31. Rxd8 Bxd8 32. Rb7 f5 33. Rb8
Bc7 34. Rc8 Bd6 35. Bg8+ 1-0

[Event "Harburg_ch Gruppe H"]
[Site "Hamburg"]
[Date "2011.08.20"]
[Round "2"]
[White "Malicki, Rudolfo"]
[Black "Gorbach, Mark"]
[Result "1-0"]
[WhiteElo "1412"]
[BlackElo "1423"]
[PlyCount "63"]
[EventDate "2011.08.19"]
[EventType "tourn"]
[EventRounds "1"]
[EventCountry "GER"]
[SourceDate "2011.08.19"]

1. c4 e6 2. g3 d5 3. cxd5 exd5 4. Bg2 f5 5. e3 Nf6 6. Ne2 c6 7. O-O Bd6 8. b3
O-O 9. Ba3 Bxa3 10. Nxa3 Be6 11. Nc2 Nbd7 12. Ncd4 Bf7 13. Nxf5 Bg6 14. Nfd4
Qe8 15. Nf4 Rc8 16. Nde6 Rf7 17. Nxg6 Qxe6 18. Nf4 Qf5 19. Bh3 Qg5 20. Be6 Qh6
21. d3 g5 22. Ng2 Rcf8 23. f4 g4 24. Nh4 Kh8 25. Bxf7 Rxf7 26. Nf5 Qh3 27. Nd6
Re7 28. e4 d4 29. Nf5 Re8 30. Nxd4 Nc5 31. Qc2 Rd8 32. Qxc5 1-0

[Event "Harburg_ch Gruppe H"]
[Site "Hamburg"]
[Date "2011.08.20"]
[Round "2"]
[White "Rulfs, Ernst August"]
[Black "Stolzenwald, Frank"]
[Result "1-0"]
[WhiteElo "1628"]
[BlackElo "1410"]
[PlyCount "43"]
[EventDate "2011.08.19"]
[EventType "tourn"]
[EventRounds "1"]
[EventCountry "GER"]
[SourceDate "2011.08.19"]

1. c4 e6 2. Nc3 b6 3. e4 Bb7 4. g3 Bb4 5. Nge2 d6 6. a3 Bxc3 7. Nxc3 c5 8. Bg2
f5 9. d4 Qf6 10. e5 Qe7 11. exd6 Qd7 12. Bxb7 Qxb7 13. O-O Nf6 14. Re1 Kf7 15.
Nb5 Na6 16. Bf4 Rad8 17. d5 Rhe8 18. dxe6+ Rxe6 19. Rxe6 Kxe6 20. Qe2+ Qe4 21.
Re1 Re8 22. Qd2 1-0

[Event "Harburg_ch Gruppe H"]
[Site "Hamburg"]
[Date "2011.08.20"]
[Round "3"]
[White "Gorbach, Mark"]
[Black "Fluechter, Markus"]
[Result "0-1"]
[WhiteElo "1423"]
[BlackElo "1357"]
[PlyCount "60"]
[EventDate "2011.08.19"]
[EventType "tourn"]
[EventRounds "1"]
[EventCountry "GER"]
[SourceDate "2011.08.19"]

1. e4 e5 2. Nf3 Nc6 3. Bc4 Nf6 4. Ng5 d5 5. exd5 Na5 6. Bb5+ c6 7. dxc6 bxc6 8.
Be2 h6 9. Nf3 e4 10. Ne5 Qd5 11. f4 g5 12. Nc3 Qd4 13. fxg5 hxg5 14. Ng4 Nxg4
15. Bxg4 Rxh2 16. Rf1 Bd6 17. Qe2 f5 18. Bh5+ Ke7 19. d3 Ba6 20. Bxg5+ Kd7 21.
Bg6 exd3 22. Bxf5+ Kc7 23. Bxd3 Bg3+ 24. Kd2 Bxd3 25. Rf7+ Kb6 26. cxd3 Rg8 27.
Be3 Nc4+ 28. Kc2 Nxe3+ 29. Kb3 Bd6 30. Na4+ Ka6 0-1

[Event "Harburg_ch Gruppe H"]
[Site "Hamburg"]
[Date "2011.08.20"]
[Round "3"]
[White "Schoppe, Gottfried"]
[Black "Rulfs, Ernst August"]
[Result "1-0"]
[WhiteElo "1720"]
[BlackElo "1628"]
[PlyCount "39"]
[EventDate "2011.08.19"]
[EventType "tourn"]
[EventRounds "1"]
[EventCountry "GER"]
[SourceDate "2011.08.19"]

1. d4 Nf6 2. c4 c5 3. Nf3 cxd4 4. Nxd4 g6 5. Nc3 a6 6. e4 Bg7 7. Be3 Qa5 8. Bd3
O-O 9. O-O d6 10. Re1 Nbd7 11. Nd5 Nxd5 12. exd5 Ne5 13. Be2 Nd7 14. a3 b5 15.
b4 Qd8 16. Rc1 bxc4 17. Bxc4 Nb6 18. Nc6 Qc7 19. Bb3 Bd7 20. Nxe7+ 1-0

[Event "Harburg_ch Gruppe H"]
[Site "Hamburg"]
[Date "2011.08.20"]
[Round "3"]
[White "Stolzenwald, Frank"]
[Black "Malicki, Rudolfo"]
[Result "0-1"]
[WhiteElo "1410"]
[BlackElo "1412"]
[PlyCount "50"]
[EventDate "2011.08.19"]
[EventType "tourn"]
[EventRounds "1"]
[EventCountry "GER"]
[SourceDate "2011.08.19"]

1. e4 d6 2. c4 Nf6 3. f3 g6 4. b3 c5 5. Bb2 Bg7 6. Qc2 O-O 7. h4 Nc6 8. a3 Nd4
9. Bxd4 cxd4 10. Bd3 Nd7 11. Ra2 Nc5 12. Ne2 e5 13. g4 Qf6 14. Kf2 Bxg4 15. Ng1
Nxd3+ 16. Qxd3 Bd7 17. a4 Qe7 18. Qe2 f5 19. d3 fxe4 20. dxe4 Bg4 21. Kg2 Bh5
22. Rh3 Rf4 23. Qe1 Bf6 24. Kh1 Bxh4 25. Qd1 Rxe4 0-1

[Event "Harburg_ch Gruppe I"]
[Site "Hamburg"]
[Date "2011.08.19"]
[Round "1"]
[White "Eppler, Alexander"]
[Black "Pajeken, Jakob Leon"]
[Result "1-0"]
[WhiteElo "1308"]
[BlackElo "1158"]
[PlyCount "53"]
[EventDate "2011.08.19"]
[EventType "tourn"]
[EventRounds "1"]
[EventCountry "GER"]
[SourceDate "2011.08.19"]

1. e4 e5 2. Nf3 Nc6 3. Bb5 Bc5 4. O-O d6 5. c3 Nf6 6. d4 a6 7. Bxc6+ bxc6 8.
dxc5 Nxe4 9. cxd6 cxd6 10. Qa4 Nf6 11. Qxc6+ Bd7 12. Qxd6 Rb8 13. Re1 Rb6 14.
Rxe5+ Be6 15. Qxd8+ Kxd8 16. Nd4 Rd6 17. Be3 Re8 18. Nd2 Ng4 19. Nxe6+ Rdxe6
20. Rxe6 Rxe6 21. Nf1 Kc7 22. Rd1 f5 23. Bf4+ Kc8 24. f3 Nf6 25. Rd6 Re2 26.
Nd2 Kb7 27. b4 1-0

[Event "Harburg_ch Gruppe I"]
[Site "Hamburg"]
[Date "2011.08.19"]
[Round "1"]
[White "Fruechel, Thomas"]
[Black "Boe Olsen, Filip"]
[Result "0-1"]
[WhiteElo "991"]
[BlackElo "1200"]
[PlyCount "56"]
[EventDate "2011.08.19"]
[EventType "tourn"]
[EventRounds "1"]
[EventCountry "GER"]
[SourceDate "2011.08.19"]

1. e4 c6 2. Nf3 d5 3. exd5 cxd5 4. d4 Nf6 5. Nc3 Bf5 6. Bd3 Bg6 7. Bxg6 hxg6 8.
Ne5 Nc6 9. O-O e6 10. a3 Bd6 11. Bf4 a6 12. Nxc6 bxc6 13. Be5 c5 14. h3 cxd4
15. Qxd4 Qc7 16. Qa4+ Ke7 17. Bxd6+ Qxd6 18. Qb4 Rab8 19. Qxd6+ Kxd6 20. b4
Rhc8 21. Na4 Rxc2 22. Rab1 d4 23. f3 d3 24. Rbd1 d2 25. Kh2 Nd5 26. Nc5 Ne3 27.
Ne4+ Ke7 28. Rxd2 Nxf1+ 0-1

[Event "Harburg_ch Gruppe I"]
[Site "Hamburg"]
[Date "2011.08.19"]
[Round "1"]
[White "Kalauch, Johannes"]
[Black "Wulf, Sven"]
[Result "0-1"]
[WhiteElo "1251"]
[BlackElo "1318"]
[PlyCount "124"]
[EventDate "2011.08.19"]
[EventType "tourn"]
[EventRounds "1"]
[EventCountry "GER"]
[SourceDate "2011.08.19"]

1. c4 Nf6 2. g3 e6 3. Bg2 Be7 4. Nc3 c6 5. e4 d6 6. Nge2 Nbd7 7. O-O Ne5 8. d3
O-O 9. b4 d5 10. f4 Neg4 11. e5 Nd7 12. a3 Qb6+ 13. c5 Qd8 14. Nd4 Nh6 15. Ra2
a5 16. Nf3 Nf5 17. Qe1 b6 18. d4 axb4 19. axb4 Ba6 20. Rff2 bxc5 21. bxc5 Bc4
22. Rxa8 Qxa8 23. Rb2 Rb8 24. Rxb8+ Nxb8 25. Qd2 Na6 26. Ba3 Nc7 27. Bb2 Qa5
28. Bf1 Bxf1 29. Kxf1 Nb5 30. Ke2 Qb4 31. Nxb5 Qxb5+ 32. Kf2 g6 33. Bc3 Kg7 34.
g4 Nh6 35. Kg3 Qb1 36. h4 Ng8 37. Ba5 Bf8 38. h5 Ne7 39. Nh4 Qg1+ 40. Kf3 gxh5
41. gxh5 Qh1+ 42. Qg2+ Qxg2+ 43. Nxg2 Kh6 44. Kg4 Nf5 45. Bc3 Ng7 46. Bd2 Nf5
47. Bc3 Be7 48. Bb2 f6 49. Bc3 fxe5 50. fxe5 Bg5 51. Nf4 Bxf4 52. Kxf4 Kxh5 53.
Kf3 Kh4 54. Kf4 h5 55. Be1+ Kh3 56. Bf2 Kg2 57. Bh4 Nxh4 58. Kg5 Nf3+ 59. Kxh5
Nxd4 60. Kg6 Kf3 61. Kf6 Ke3 62. Ke7 Ke4 0-1

[Event "Harburg_ch Gruppe I"]
[Site "Hamburg"]
[Date "2011.08.20"]
[Round "2"]
[White "Boe Olsen, Filip"]
[Black "Eppler, Alexander"]
[Result "1-0"]
[WhiteElo "1200"]
[BlackElo "1308"]
[PlyCount "46"]
[EventDate "2011.08.19"]
[EventType "tourn"]
[EventRounds "1"]
[EventCountry "GER"]
[SourceDate "2011.08.19"]

1. d4 c6 2. Nf3 d5 3. Bf4 Bf5 4. e3 e6 5. Be2 Nf6 6. O-O Nbd7 7. c4 Be7 8. Nc3
O-O 9. Qb3 Qb6 10. c5 Qxb3 11. axb3 a6 12. Ra2 Ra7 13. Rfa1 Rfa8 14. b4 Bd8 15.
b5 cxb5 16. Nxb5 Nf8 17. Nxa7 Rxa7 18. b4 Ne8 19. b5 Ng6 20. Bg3 Ra8 21. bxa6
bxa6 22. Rxa6 Rxa6 23. Rxa6 Be4 1-0

[Event "Harburg_ch Gruppe I"]
[Site "Hamburg"]
[Date "2011.08.20"]
[Round "2"]
[White "Kalauch, Johannes"]
[Black "Fruechel, Thomas"]
[Result "1-0"]
[WhiteElo "1251"]
[BlackElo "991"]
[PlyCount "117"]
[EventDate "2011.08.19"]
[EventType "tourn"]
[EventRounds "1"]
[EventCountry "GER"]
[SourceDate "2011.08.19"]

1. c4 e5 2. g3 Nf6 3. Bg2 d6 4. Nc3 Bd7 5. Nf3 Bc6 6. d3 Nbd7 7. b4 a6 8. Bb2
Be7 9. O-O O-O 10. e4 Rb8 11. b5 axb5 12. cxb5 Bxb5 13. Nxb5 c6 14. Nc3 b5 15.
Qb3 Nc5 16. Qc2 Ne6 17. Ne2 Qc7 18. d4 Nd7 19. Rac1 Rfc8 20. Qd2 Qd8 21. h4 f6
22. Rc2 Rb6 23. Rfc1 Ra6 24. a3 h6 25. Bh3 Kf7 26. d5 Nec5 27. Qe3 Rc7 28. Bxd7
Qxd7 29. h5 Qg4 30. Kg2 Qxe4 31. Qxe4 Nxe4 32. dxc6 Nc5 33. Nh4 Nb3 34. Rd1
Rcxc6 35. Rxc6 Rxc6 36. Nc3 Nc5 37. Nf5 Ne6 38. Nxb5 Rb6 39. Nbxd6+ Bxd6 40.
Nxd6+ Kg8 41. Nc4 Rb3 42. Kh3 Rf3 43. Rd2 Ng5+ 44. Kg2 Rb3 45. a4 Rb4 46. Rd8+
Kh7 47. Rc8 Rxa4 48. Nd6 Ra7 49. Nf5 g6 50. hxg6+ Kxg6 51. Nh4+ Kg7 52. f4 exf4
53. gxf4 Nf7 54. Bc3 Ra2+ 55. Kg3 h5 56. Rc6 Ra3 57. Kf3 Rb3 58. Ke4 Nd8 59.
Bxf6+ 1-0

[Event "Harburg_ch Gruppe I"]
[Site "Hamburg"]
[Date "2011.08.20"]
[Round "2"]
[White "Wulf, Sven"]
[Black "Pajeken, Jakob Leon"]
[Result "1/2-1/2"]
[WhiteElo "1318"]
[BlackElo "1158"]
[PlyCount "88"]
[EventDate "2011.08.19"]
[EventType "tourn"]
[EventRounds "1"]
[EventCountry "GER"]
[SourceDate "2011.08.19"]

1. d4 d5 2. c4 e5 3. dxe5 d4 4. Nf3 Nc6 5. e3 Bb4+ 6. Bd2 dxe3 7. fxe3 Bf5 8.
Be2 Nge7 9. O-O O-O 10. a3 Bxd2 11. Nbxd2 Ng6 12. Nb3 Be6 13. Nbd4 Ncxe5 14.
Nxe6 fxe6 15. Qd4 Nxf3+ 16. Rxf3 e5 17. Qe4 c6 18. b4 Qd2 19. Qd3 Rad8 20.
Rxf8+ {(=)} Kxf8 21. Qxd2 Rxd2 22. Kf2 b6 23. Ke1 Rd7 24. Rd1 Ke7 25. Rxd7+
Kxd7 26. c5 bxc5 27. bxc5 Nf8 28. Kd2 Ne6 {(=)} 29. Bg4 a5 30. Kd3 Ke7 31. Kc4
Kf6 32. Bf3 Nd8 33. Be4 h6 34. Kd3 g5 35. Ke2 Ne6 36. Bxc6 Nxc5 37. Kd2 Ke6 38.
Kc3 Kd6 39. Bf3 e4 40. Bd1 Kc6 41. Bc2 Kd5 42. g3 h5 43. h3 h4 44. g4 Nb7
1/2-1/2